Ecological and zoocoenological conditions of the formicidae fauna at Tiszakürt
Elmentve itt :
| Szerző: | |
|---|---|
| Dokumentumtípus: | Cikk |
| Megjelent: |
1967
|
| Sorozat: | Tiscia
|
| Kulcsszavak: | Természettudomány |
| Online Access: | http://acta.bibl.u-szeged.hu/9654 |
| LEADER | 00610nab a2200181 i 4500 | ||
|---|---|---|---|
| 001 | acta9654 | ||
| 005 | 20210323141719.0 | ||
| 008 | 161015s1967 hu o 0|| eng d | ||
| 022 | |a 0563-587X | ||
| 040 | |a SZTE Egyetemi Kiadványok Repozitórium |b hun | ||
| 041 | |a eng | ||
| 100 | 1 | |a Gallé László | |
| 245 | 1 | 0 | |a Ecological and zoocoenological conditions of the formicidae fauna at Tiszakürt |h [elektronikus dokumentum] / |c Gallé László |
| 260 | |c 1967 | ||
| 300 | |a 67-73 | ||
| 490 | 0 | |a Tiscia | |
| 695 | |a Természettudomány | ||
| 856 | 4 | 0 | |u http://acta.bibl.u-szeged.hu/9654/1/tiscia_003_067-073.pdf |z Dokumentum-elérés |